[Event "Tradewise Gibraltar Chess Festival 2014 "]
[Site "The Caleta Hotel - Gibraltar"]
[Date "2014.02.04"]
[Round "8.99"]
[White "Kvisla, Johannes Luangtep"]
[Black "Jorgensen, Line Jin"]
[Result "0-1"]
[WhiteElo "2154"]
[BlackElo "1925"]
[PlyCount "60"]
[EventDate "2014.01.28"]

1. Nf3 d5 2. c4 c6 3. e3 Nf6 4. Nc3 e6 5. b3 Be7 6. Bb2 Nbd7 7. Qc2 O-O 8. Rg1
e5 9. g4 e4 10. g5 Nh5 11. Nd4 Ne5 12. Be2 g6 13. f4 exf3 14. Nxf3 Bf5 15. e4
Nxf3+ 16. Bxf3 dxe4 17. Nxe4 Nf4 18. Kd1 Nd3 19. h4 Nxb2+ 20. Qxb2 Qd3 21. Nf6+
Bxf6 22. Qxf6 Qxf3+ 23. Kc1 Qd3 24. Kb2 Qxd2+ 25. Ka3 Qa5+ 26. Kb2 Rfe8 27. Rg2
Rad8 28. Rf1 Rd2+ 29. Rxd2 Qxd2+ 30. Ka1 Re2 0-1

[Event "Tradewise Gibraltar Chess Festival 2014 "]
[Site "The Caleta Hotel - Gibraltar"]
[Date "2014.02.04"]
[Round "8.100"]
[White "Goncalves, Jose Antonio Silvei"]
[Black "Osuna Vega, Enrique"]
[Result "0-1"]
[WhiteElo "1999"]
[BlackElo "2141"]
[PlyCount "154"]
[EventDate "2014.01.28"]

1. d4 Nf6 2. c4 g6 3. Nc3 d5 4. cxd5 Nxd5 5. e4 Nxc3 6. bxc3 Bg7 7. Bc4 O-O 8.
Ne2 c5 9. Be3 Nc6 10. Qd2 cxd4 11. cxd4 Na5 12. Bd3 Nc6 13. Bc4 e6 14. O-O b6
15. Rac1 Bb7 16. Bb5 Na5 17. f3 a6 18. Bd3 Nc6 19. Bb1 Ne7 20. Bh6 Qd6 21. Bxg7
Kxg7 22. Qb2 Kg8 23. Rfd1 Rfc8 24. Nc3 b5 25. Kh1 Rc4 26. Ne2 Rac8 27. Bd3 R4c7
28. Rxc7 Rxc7 29. Rc1 Rc6 30. a4 b4 31. Rb1 a5 32. Bb5 Rc7 33. Nc1 Bc6 34. Qe2
Qxd4 35. Nb3 Qb6 36. Ra1 Bxb5 37. Qxb5 Qe3 38. Qxa5 Rc3 39. Qd8+ Kg7 40. Qd4+
Qxd4 41. Nxd4 b3 42. Nb5 b2 43. Rg1 Rb3 44. Rb1 Nc6 45. Kg1 Ne5 46. Kf2 Nd3+
47. Ke2 Nc5 48. Nd4 Rb8 49. Nc6 Rb6 50. Ne5 Nxa4 51. Kd2 Rb5 52. Nc4 Rb4 53.
Ne5 h5 54. Nd3 Rb3 55. Kc2 Rc3+ 56. Kd2 Rb3 57. Kc2 Rc3+ 58. Kd2 Kf6 59. Nxb2
Rb3 60. Kc2 Rc3+ 61. Kd2 Rb3 62. Kc2 Nc5 63. Rd1 Ra3 64. Rd2 Ra2 65. Kb1 Ra1+
66. Kc2 Rh1 67. Nd3 Nxd3 68. Kxd3 Rxh2 69. Ke3 h4 70. Kf2 h3 71. Kg3 Rxg2+ 72.
Rxg2 hxg2 73. Kxg2 Kg5 74. Kg3 e5 75. Kh3 Kf4 76. Kg2 g5 77. Kf2 g4 0-1

[Event "Tradewise Gibraltar Chess Festival 2014 "]
[Site "The Caleta Hotel - Gibraltar"]
[Date "2014.02.04"]
[Round "8.102"]
[White "Becham, Khalid"]
[Black "Bjorn, Lasse E"]
[Result "0-1"]
[WhiteElo "2122"]
[BlackElo "1879"]
[PlyCount "108"]
[EventDate "2014.01.28"]

1. e4 c5 2. Nf3 d6 3. Bb5+ Bd7 4. Bxd7+ Qxd7 5. O-O Nc6 6. c3 g6 7. Qe2 Bg7 8.
Rd1 e5 9. Na3 Nge7 10. Nc2 f5 11. d4 fxe4 12. Qxe4 d5 13. Qe2 e4 14. Ng5 cxd4
15. Nxd4 Nxd4 16. cxd4 Nf5 17. Be3 O-O 18. Rac1 Rac8 19. Rc3 b5 20. Qd2 Rxc3
21. Qxc3 Rc8 22. Qd2 Qc6 23. g3 h6 24. Nh3 g5 25. Kg2 Qc4 26. b3 Qc2 27. Ng1
Qxd2 28. Rxd2 Rc3 29. Ne2 Nxe3+ 30. fxe3 Rxe3 31. Rc2 b4 32. Kf1 Rf3+ 33. Ke1
Rf7 34. Rc8+ Bf8 35. Rd8 Rf5 36. g4 Rf6 37. Rxd5 Ra6 38. Nc1 Bd6 39. h3 Bf4 40.
Rc5 Bxc1 41. Rxc1 Rxa2 42. Rc4 a5 43. d5 e3 44. Rd4 Kf7 45. Rd3 Ra3 46. Rxe3 a4
47. Re4 Rxb3 48. d6 a3 49. d7 Rd3 50. Rxb4 Rxd7 51. Ke2 Ra7 52. Rb1 a2 53. Ra1
Ra3 54. Kf1 Ke6 0-1

[Event "Tradewise Gibraltar Chess Festival 2014 "]
[Site "The Caleta Hotel - Gibraltar"]
[Date "2014.02.04"]
[Round "8.103"]
[White "Weichelt, Jens"]
[Black "Zachariassen, John"]
[Result "1-0"]
[WhiteElo "2116"]
[BlackElo "1894"]
[PlyCount "49"]
[EventDate "2014.01.28"]

1. d4 g6 2. c4 Bg7 3. Nc3 d6 4. e4 Nf6 5. f3 c6 6. Be3 Qc7 7. Bd3 Nbd7 8. Nge2
a6 9. Rc1 e5 10. O-O O-O 11. Qd2 Re8 12. Bc2 Rb8 13. b4 Qd8 14. Bb3 Qe7 15.
Rfd1 Rf8 16. Na4 b5 17. Nb2 Bb7 18. dxe5 dxe5 19. cxb5 cxb5 20. Rc7 Rfc8 21.
Bc5 Qe8 22. Rxd7 Nxd7 23. Qxd7 Qxd7 24. Rxd7 Rd8 25. Rxf7 1-0

[Event "Tradewise Gibraltar Chess Festival 2014 "]
[Site "The Caleta Hotel - Gibraltar"]
[Date "2014.02.04"]
[Round "8.104"]
[White "Khachatourian, Yerazik"]
[Black "Heer, Stephan"]
[Result "1-0"]
[WhiteElo "1955"]
[BlackElo "2106"]
[PlyCount "43"]
[EventDate "2014.01.28"]

1. e4 g6 2. d4 d6 3. Nc3 Bg7 4. Be3 a6 5. Qd2 b5 6. Bd3 Nd7 7. h4 h5 8. O-O-O
Bb7 9. f3 Nb6 10. Nh3 b4 11. Ne2 a5 12. Ng5 Qd7 13. Nf4 c5 14. e5 dxe5 15. dxe5
Qa4 16. Nfe6 Nd5 17. Nxg7+ Kf8 18. N7e6+ Ke8 19. Bb5+ Qxb5 20. Qxd5 fxe6 21.
Qxe6 Nh6 22. Qxg6+ 1-0

[Event "Tradewise Gibraltar Chess Festival 2014 "]
[Site "The Caleta Hotel - Gibraltar"]
[Date "2014.02.04"]
[Round "8.105"]
[White "Compton, Alistair"]
[Black "Knudsen, Jes West"]
[Result "1/2-1/2"]
[WhiteElo "2105"]
[BlackElo "1874"]
[PlyCount "60"]
[EventDate "2014.01.28"]

1. e4 Nf6 2. e5 Nd5 3. Nf3 d6 4. d4 g6 5. Be2 Bg7 6. O-O dxe5 7. Nxe5 O-O 8.
Bf3 c6 9. Qe2 Nd7 10. c4 Nxe5 11. dxe5 Nc7 12. Rd1 Qe8 13. Nd2 a5 14. Nb3 a4
15. Nd4 Ra5 16. Bf4 Ne6 17. Nxe6 Bxe6 18. b4 axb3 19. axb3 Qa8 20. Rxa5 Qxa5
21. Qd2 Qxd2 22. Rxd2 h6 23. Ra2 b5 24. Bxc6 bxc4 25. bxc4 Bxc4 26. Ra8 g5 27.
Rxf8+ Kxf8 28. Bg3 h5 29. h4 gxh4 30. Bxh4 Bxe5 1/2-1/2

[Event "Tradewise Gibraltar Chess Festival 2014 "]
[Site "The Caleta Hotel - Gibraltar"]
[Date "2014.02.04"]
[Round "8.106"]
[White "Krokay, Urszula"]
[Black "Baert, Andy"]
[Result "1-0"]
[WhiteElo "1926"]
[BlackElo "2104"]
[PlyCount "59"]
[EventDate "2014.01.28"]

1. e4 c5 2. Nf3 Nc6 3. d4 cxd4 4. Nxd4 g6 5. Nxc6 bxc6 6. Qd4 Nf6 7. e5 Nd5 8.
e6 f6 9. exd7+ Bxd7 10. Nc3 e5 11. Qd3 Bb4 12. Be2 Qa5 13. Bd2 Rb8 14. O-O Bxc3
15. bxc3 O-O 16. Rab1 Kh8 17. Rb3 Nb6 18. Qa6 Qxa6 19. Bxa6 Be6 20. Rb4 c5 21.
Rb5 Rbd8 22. Bh6 Rf7 23. Rxc5 g5 24. Be2 Nd5 25. Bh5 Rfd7 26. h4 Nc7 27. hxg5
fxg5 28. Rxe5 Bxa2 29. Bxg5 Bc4 30. Rfe1 1-0

[Event "Tradewise Gibraltar Chess Festival 2014 "]
[Site "The Caleta Hotel - Gibraltar"]
[Date "2014.02.04"]
[Round "8.107"]
[White "Verneuil, Pascal"]
[Black "Magnusdottir, Veronika Steinun"]
[Result "1-0"]
[WhiteElo "2065"]
[BlackElo "1561"]
[PlyCount "61"]
[EventDate "2014.01.28"]

1. e4 c5 2. b3 d6 3. Bb2 Nf6 4. Nc3 g6 5. Nd5 Nbd7 6. Bb5 e5 7. Nxf6+ Qxf6 8.
Ne2 a6 9. Bxd7+ Bxd7 10. O-O Bc6 11. f4 Qe7 12. fxe5 dxe5 13. Nc3 O-O-O 14. d3
h5 15. Qf3 f5 16. Qh3 Bd7 17. Nd5 Qd6 18. Qg3 Bg7 19. c4 f4 20. Qg5 Kb8 21. g3
fxg3 22. Rf7 gxh2+ 23. Kh1 Bh6 24. Qxe5 Qxe5 25. Bxe5+ Ka7 26. Bxh8 Be6 27. Rh7
Rxh8 28. Rxh8 Bg7 29. Re8 Bxd5 30. exd5 Bxa1 31. d6 1-0

[Event "Tradewise Gibraltar Chess Festival 2014 "]
[Site "The Caleta Hotel - Gibraltar"]
[Date "2014.02.04"]
[Round "8.108"]
[White "Nilsen, Martin"]
[Black "Hamer, Martyn"]
[Result "1/2-1/2"]
[WhiteElo "1878"]
[BlackElo "2017"]
[PlyCount "150"]
[EventDate "2014.01.28"]

1. e4 c5 2. c3 Nf6 3. e5 Nd5 4. d4 cxd4 5. Nf3 d6 6. Bc4 dxe5 7. Nxe5 Nc6 8.
Nxf7 Kxf7 9. Qf3+ Kg8 10. Qxd5+ Qxd5 11. Bxd5+ e6 12. Bxc6 bxc6 13. cxd4 Ba6
14. Be3 Rb8 15. b3 Bb4+ 16. Nd2 Kf7 17. O-O-O Be2 18. Rde1 Bd3 19. Kb2 Rhd8 20.
Rc1 Bxd2 21. Bxd2 Be4 22. f3 Bd5 23. Rc5 Kf6 24. Re1 g5 25. Ra5 Rb7 26. Rc5 Rg8
27. Rc2 Rbg7 28. Rf1 Ke7 29. Be3 Rf7 30. Rcf2 g4 31. fxg4 Rxf2+ 32. Rxf2 Rxg4
33. g3 Rg7 34. Ka3 Kd7 35. Rf8 Kc7 36. Kb4 Kb6 37. Bf4 Ka6 38. h4 Rb7+ 39. Ka4
h5 40. Rf6 Rb5 41. Ka3 Rb7 42. Rh6 Bf3 43. Rxe6 Rd7 44. Be5 Kb5 45. Rf6 Bg4 46.
Rf8 Rb7 47. Kb2 Re7 48. Rf6 a6 49. Kc3 Rd7 50. Rf8 Kb6 51. Kb4 Rd5 52. a4 Kb7
53. Re8 Kb6 54. Rh8 Kb7 55. Kc4 Be2+ 56. Kc3 Bg4 57. b4 Kb6 58. a5+ Ka7 59. Bc7
Kb7 60. Bb6 Rd7 61. Kd3 Rd5 62. Ke4 Rd7 63. Rg8 Rd5 64. Rxg4 hxg4 65. Kf4 Kc8
66. Kxg4 Kd7 67. h5 Ke6 68. Kh4 Kf7 69. g4 Kf6 70. g5+ Kf5 71. g6 Rd7 72. Bc5
Kf6 73. Kg4 Rd5 74. Kh4 Rd7 75. Kg4 Rd5 1/2-1/2

[Event "Tradewise Gibraltar Chess Festival 2014 "]
[Site "The Caleta Hotel - Gibraltar"]
[Date "2014.02.04"]
[Round "8.109"]
[White "Buchal, Stephan"]
[Black "Gravett, Alan D"]
[Result "1-0"]
[WhiteElo "2324"]
[BlackElo "1872"]
[PlyCount "29"]
[EventDate "2014.01.28"]

1. c4 d6 2. g3 g6 3. Bg2 Bg7 4. Nc3 c5 5. Nf3 Nc6 6. O-O Nf6 7. a3 Rb8 8. Rb1
Bg4 9. b4 O-O 10. d3 Nd4 11. Nxd4 cxd4 12. Nb5 Nd7 13. Bb2 a6 14. Nxd4 b5 15.
Nc6 1-0

[Event "Tradewise Gibraltar Chess Festival 2014 "]
[Site "The Caleta Hotel - Gibraltar"]
[Date "2014.02.04"]
[Round "8.110"]
[White "Lobersli, Henrik Oie"]
[Black "Kenney, David"]
[Result "1-0"]
[WhiteElo "1862"]
[BlackElo "1999"]
[PlyCount "63"]
[EventDate "2014.01.28"]

1. d4 Nf6 2. c4 g6 3. Nc3 Bg7 4. e4 d6 5. Be2 Nc6 6. d5 Nb8 7. Nf3 Bg4 8. O-O
O-O 9. Be3 c5 10. Ne1 Bxe2 11. Qxe2 Nbd7 12. Nd3 a6 13. a4 Qc7 14. h3 Rae8 15.
Bf4 h5 16. Bh2 Nh7 17. f4 e6 18. dxe6 Rxe6 19. Nd5 Qb8 20. Qf3 f5 21. exf5 Rxf5
22. Rae1 Rxe1 23. Rxe1 Bd4+ 24. Kh1 Rf7 25. f5 Kg7 26. Re6 gxf5 27. N3f4 Ndf6
28. Qg3+ Ng4 29. hxg4 hxg4 30. Qh4 b5 31. Nh5+ Kf8 32. Bxd6+ 1-0

[Event "Tradewise Gibraltar Chess Festival 2014 "]
[Site "The Caleta Hotel - Gibraltar"]
[Date "2014.02.04"]
[Round "8.111"]
[White "Jacobsen, Fredrik Beer"]
[Black "George, Lolomari Erekosima"]
[Result "1-0"]
[WhiteElo "1991"]
[BlackElo "1853"]
[PlyCount "71"]
[EventDate "2014.01.28"]

1. e4 d6 2. Nc3 Nf6 3. g3 g6 4. Bg2 Bg7 5. d3 e5 6. Nge2 c6 7. O-O O-O 8. h3 b5
9. a3 Nbd7 10. f4 Qe7 11. f5 Bb7 12. g4 Rfc8 13. g5 Ne8 14. h4 a5 15. Qe1 b4
16. Nd1 d5 17. axb4 axb4 18. Rxa8 Rxa8 19. h5 dxe4 20. fxg6 fxg6 21. hxg6 exd3
22. gxh7+ Kh8 23. cxd3 Nd6 24. Qh4 Nc5 25. d4 Nd3 26. dxe5 Nxc1 27. Nf4 Ne2+
28. Nxe2 Bxe5 29. Nf4 Bd4+ 30. Nf2 Qxh7 31. Ng6+ Kg8 32. Qxd4 Qxg6 33. Ng4 c5
34. Nf6+ Kh8 35. Qxd6 Qxg5 36. Qh2+ 1-0

[Event "Tradewise Gibraltar Chess Festival 2014 "]
[Site "The Caleta Hotel - Gibraltar"]
[Date "2014.02.04"]
[Round "8.112"]
[White "Whatley, Stephen A J"]
[Black "Mehringer, Joerg"]
[Result "1-0"]
[WhiteElo "1864"]
[BlackElo "1961"]
[PlyCount "123"]
[EventDate "2014.01.28"]

1. e4 e5 2. Nf3 Nc6 3. Bc4 Nf6 4. d3 d6 5. a4 Bg4 6. h3 Bh5 7. Nbd2 Be7 8. c3
O-O 9. Ba2 Rb8 10. Nf1 d5 11. Qe2 dxe4 12. dxe4 Qd7 13. Ng3 Bxf3 14. Qxf3 Rfd8
15. O-O Qd3 16. Qxd3 Rxd3 17. Bc4 Rd7 18. b4 Rbd8 19. Be3 a5 20. b5 Nb8 21. f3
b6 22. Nf5 Bf8 23. Bg5 Be7 24. f4 Bc5+ 25. Kh2 Nxe4 26. Bxd8 Rxd8 27. Rad1 Re8
28. Rfe1 Nxc3 29. Rxe5 Rf8 30. Rd3 Nxa4 31. Re2 Bb4 32. Ne7+ Kh8 33. Bxf7 Bd6
34. Nf5 Bxf4+ 35. g3 Nc5 36. Rd5 Bc1 37. Re8 Rxe8 38. Bxe8 g6 39. Nd4 Bb2 40.
Rd8 Bxd4 41. Rxd4 Nb7 42. Re4 Kg7 43. Re7+ Kf8 44. Rxc7 Kxe8 45. Rxb7 Nd7 46.
Ra7 Ke7 47. Kg2 Kd6 48. Rb7 h6 49. Kf3 Ne5+ 50. Ke4 Nd7 51. Kd4 h5 52. h4 Ke6
53. Rc7 Ne5 54. Rc8 Kd7 55. Rf8 Ke7 56. Rb8 Nd7 57. Rc8 Ke6 58. Rc6+ Kf5 59.
Rd6 Ne5 60. Rd5 Kg4 61. Kxe5 Kxg3 62. Rd4 1-0

[Event "Tradewise Gibraltar Chess Festival 2014 "]
[Site "The Caleta Hotel - Gibraltar"]
[Date "2014.02.04"]
[Round "8.113"]
[White "Cruz Fiallos, Hamilton Tarley"]
[Black "Lochte, Szilvia"]
[Result "1-0"]
[WhiteElo "1844"]
[BlackElo "1951"]
[PlyCount "95"]
[EventDate "2014.01.28"]

1. e4 c5 2. Nf3 e6 3. d4 cxd4 4. Nxd4 a6 5. Nc3 Qc7 6. Bd3 Nf6 7. O-O Bc5 8.
Nce2 Ng4 9. g3 d6 10. Nb3 Ba7 11. Ned4 Nf6 12. Re1 Nbd7 13. Bf1 b5 14. Bxb5
Bxd4 15. Nxd4 O-O 16. Bf1 Bb7 17. Bg2 Rfc8 18. Bg5 h6 19. Bxf6 Nxf6 20. b3 g6
21. c4 e5 22. Nc2 a5 23. Qd2 Kg7 24. Na3 Bc6 25. Nb1 Rab8 26. Nc3 Bd7 27. Red1
Rb6 28. Nd5 Nxd5 29. exd5 a4 30. Rab1 Qb7 31. Qc3 axb3 32. Rxb3 Ba4 33. Rxb6
Qxb6 34. Rc1 Qc5 35. Qb2 Bd7 36. a3 Ra8 37. Rc3 Ra5 38. Bf1 Ra8 39. h4 h5 40.
Kh2 Qa7 41. c5 dxc5 42. Rb3 Qc7 43. Rb7 Qd6 44. Rb6 Qe7 45. f4 f6 46. fxe5 fxe5
47. Bd3 Bf5 48. Bxf5 1-0

[Event "Tradewise Gibraltar Chess Festival 2014 "]
[Site "The Caleta Hotel - Gibraltar"]
[Date "2014.02.04"]
[Round "8.114"]
[White "Bucknell, Malcolm Gordon"]
[Black "Nordstrom, Hakon N"]
[Result "1-0"]
[WhiteElo "1947"]
[BlackElo "1835"]
[PlyCount "73"]
[EventDate "2014.01.28"]

1. d4 f5 2. c4 Nf6 3. g3 e6 4. Bg2 c6 5. c5 d5 6. cxd6 Bxd6 7. Nf3 O-O 8. O-O
Nbd7 9. Qb3 Nb6 10. Nbd2 Nbd5 11. Nc4 Bc7 12. Nce5 Qe8 13. a4 Kh8 14. a5 Nh5
15. e4 fxe4 16. Ng5 Bxe5 17. dxe5 h6 18. Nxe4 g5 19. Nd6 Qg6 20. Ra4 b5 21. Rg4
Ba6 22. Re1 Rad8 23. Be4 Qg8 24. Bxd5 exd5 25. h4 Qe6 26. Qd1 Bc8 27. Nxc8 Rxc8
28. hxg5 Qf5 29. Be3 Ng7 30. Rh4 Ne6 31. Rxh6+ Kg7 32. Qb1 Nxg5 33. Bxg5 Qxf2+
34. Kh1 Rf5 35. Qc1 Qf3+ 36. Kh2 Qg4 37. Bf6+ 1-0

[Event "Tradewise Gibraltar Chess Festival 2014 "]
[Site "The Caleta Hotel - Gibraltar"]
[Date "2014.02.04"]
[Round "8.115"]
[White "Bajer, Renato"]
[Black "Holleland, Sigve"]
[Result "1/2-1/2"]
[WhiteElo "1914"]
[BlackElo "1812"]
[PlyCount "60"]
[EventDate "2014.01.28"]

1. d4 d5 2. e4 dxe4 3. Nc3 Nf6 4. f3 exf3 5. Nxf3 e6 6. Bg5 Be7 7. Bd3 Nc6 8.
Qd2 Nd5 9. O-O Nxc3 10. bxc3 O-O 11. Rae1 Bd7 12. Qf4 f6 13. Qh4 f5 14. Bc4
Bxg5 15. Qxg5 Rf6 16. Ne5 Nxe5 17. Rxe5 Qf8 18. Rexf5 Rxf5 19. Qxf5 Qxf5 20.
Rxf5 Rf8 21. Rxf8+ Kxf8 22. Kf2 Ke7 23. Ke3 Bc6 24. g3 Kf6 25. Bd3 h6 26. c4 b6
27. Be4 Be8 28. Kf4 Bh5 29. g4 g5+ 30. Kf3 Be8 1/2-1/2

[Event "Tradewise Gibraltar Chess Festival 2014 "]
[Site "The Caleta Hotel - Gibraltar"]
[Date "2014.02.04"]
[Round "8.116"]
[White "Steenbergen, Pepijn"]
[Black "Machlik, Jon"]
[Result "1/2-1/2"]
[WhiteElo "1772"]
[BlackElo "1891"]
[PlyCount "72"]
[EventDate "2014.01.28"]

1. e4 e5 2. Nc3 Nc6 3. Bc4 Bc5 4. Nf3 Nf6 5. O-O O-O 6. d3 h6 7. Be3 Bb6 8. Nd5
d6 9. Nxb6 axb6 10. h3 Na5 11. Bd5 c6 12. Bb3 Nxb3 13. axb3 Rxa1 14. Qxa1 Nh5
15. Qd1 Nf4 16. Bxf4 exf4 17. Qd2 g5 18. Nh2 f5 19. f3 d5 20. exf5 Bxf5 21. Re1
Re8 22. Kf2 Kf7 23. Nf1 b5 24. d4 b6 25. b4 Qd6 26. c3 Rxe1 27. Kxe1 Qe7+ 28.
Qe2 h5 29. Qxe7+ Kxe7 30. Nh2 Kd6 31. Kf2 c5 32. Ke1 c4 33. Kf2 Ke6 34. Ke1 Bd3
35. Kf2 Kf5 36. Ke1 Ke6 1/2-1/2

[Event "Tradewise Gibraltar Chess Festival 2014 "]
[Site "The Caleta Hotel - Gibraltar"]
[Date "2014.02.04"]
[Round "8.117"]
[White "Roser, Ludwig"]
[Black "Edakina, Anastasia"]
[Result "1-0"]
[WhiteElo "1882"]
[BlackElo "1756"]
[PlyCount "119"]
[EventDate "2014.01.28"]

1. d4 d5 2. Nf3 Nf6 3. e3 e6 4. Bd3 c5 5. c3 Nc6 6. Nbd2 c4 7. Bc2 Bd6 8. e4
Be7 9. e5 Nd7 10. O-O O-O 11. Re1 Re8 12. Nf1 f6 13. exf6 Bxf6 14. Bf4 Nf8 15.
Qd2 Ne7 16. Ne5 Bxe5 17. Bxe5 Neg6 18. Bg3 Re7 19. Qg5 Qe8 20. Bd6 Rd7 21. Qg3
Qf7 22. Ba4 Qf6 23. Bxd7 Bxd7 24. Be5 Nxe5 25. Qxe5 Ng6 26. Qxf6 gxf6 27. Rad1
Nf4 28. Re3 Kf7 29. g3 Rg8 30. Rf3 Nh3+ 31. Kh1 Ng5 32. Re3 Ne4 33. Kg1 Ke7 34.
Nd2 Nxd2 35. Rxd2 Kd6 36. Rde2 Re8 37. Rf3 Rf8 38. Rf4 Be8 39. Rh4 Bg6 40. Re3
e5 41. f3 Re8 42. Kf2 Re7 43. g4 Rg7 44. Rh3 exd4 45. cxd4 b5 46. Ra3 Rc7 47.
Ra6+ Ke7 48. a3 Rb7 49. f4 f5 50. Re3+ Kd7 51. g5 b4 52. axb4 Rxb4 53. Rxa7+
Kc6 54. Re6+ Kb5 55. Rb7+ Ka5 56. Rxb4 Kxb4 57. Rb6+ Ka4 58. Ke3 Ka5 59. Rb7
Ka6 60. Rd7 1-0

[Event "Tradewise Gibraltar Chess Festival 2014 "]
[Site "The Caleta Hotel - Gibraltar"]
[Date "2014.02.04"]
[Round "8.119"]
[White "Olsen, Miriam F"]
[Black "Kristinsson, Magnus"]
[Result "1/2-1/2"]
[WhiteElo "1997"]
[BlackElo "1741"]
[PlyCount "83"]
[EventDate "2014.01.28"]

1. e4 c5 2. Nf3 d6 3. d4 cxd4 4. Nxd4 Nf6 5. Nc3 g6 6. Be3 Nc6 7. f3 Bg7 8. Qd2
O-O 9. Bc4 Bd7 10. O-O-O Rc8 11. Bb3 Ne5 12. Kb1 Nc4 13. Bxc4 Rxc4 14. g4 Qa5
15. Nd5 Qxd2 16. Rxd2 Nxd5 17. exd5 e6 18. Ne2 exd5 19. b3 Rc6 20. Rxd5 f5 21.
h3 Re8 22. Rd3 a6 23. Rhd1 fxg4 24. fxg4 h5 25. Rg1 hxg4 26. hxg4 Re4 27. Nf4
Rc3 28. Bd2 Rxd3 29. cxd3 Re8 30. Nxg6 Bd4 31. Rg2 Kg7 32. Nf4 Bc6 33. Re2 Rxe2
34. Nxe2 Bf2 35. Nf4 Bd7 36. g5 Bg4 37. Bc3+ Kg8 38. g6 Be3 39. Nd5 Bg5 40. Kc2
Be6 41. Nf6+ Kg7 42. Ne4+ 1/2-1/2

[Event "Tradewise Gibraltar Chess Festival 2014 "]
[Site "The Caleta Hotel - Gibraltar"]
[Date "2014.02.04"]
[Round "8.120"]
[White "Andersen, Daniel"]
[Black "Villa Armenta, Enrique"]
[Result "1-0"]
[WhiteElo "1941"]
[BlackElo "1718"]
[PlyCount "99"]
[EventDate "2014.01.28"]

1. d4 d5 2. Nf3 Nf6 3. c4 c6 4. Nc3 e6 5. g3 Be7 6. Bg2 O-O 7. O-O dxc4 8. Ne5
c5 9. dxc5 Bxc5 10. Nxc4 Nc6 11. e4 e5 12. Nd5 Be6 13. Bg5 Bxd5 14. exd5 Nb4
15. Bxf6 Qxf6 16. a3 Na6 17. b4 Bd6 18. Rc1 Rfc8 19. Na5 Qe7 20. Qb3 Rab8 21.
Qe3 Nc7 22. Bh3 Rd8 23. Rfd1 a6 24. Bg2 Ne8 25. Nc4 Bc7 26. Re1 f6 27. Qc5 Nd6
28. Nxe5 Qxe5 29. Qxc7 Rdc8 30. Qb6 Rxc1 31. Rxc1 Re8 32. Bh3 Qxd5 33. Bg2 Qd2
34. Qc5 Re1+ 35. Rxe1 Qxe1+ 36. Bf1 Ne4 37. Qc8+ Kf7 38. Qxb7+ Kg6 39. Qb6 Nd2
40. Qxa6 h5 41. Qd3+ f5 42. b5 Ne4 43. Qe2 Qa1 44. Qe3 Qa2 45. h4 Qa1 46. b6
Qb2 47. a4 Qb4 48. Bb5 Qd6 49. b7 Qd1+ 50. Kg2 1-0

[Event "Tradewise Gibraltar Chess Festival 2014 "]
[Site "The Caleta Hotel - Gibraltar"]
[Date "2014.02.04"]
[Round "8.121"]
[White "Kuenitz, Klaus"]
[Black "Dennis, Nigel W"]
[Result "0-1"]
[WhiteElo "1525"]
[BlackElo "1848"]
[PlyCount "44"]
[EventDate "2014.01.28"]

1. d4 Nf6 2. c4 g6 3. Nf3 Bg7 4. Bf4 O-O 5. e3 c5 6. Nc3 cxd4 7. Nxd4 d6 8. Bg3
Nc6 9. Nf3 Bf5 10. Be2 Qb6 11. Qb3 Qxb3 12. axb3 Nb4 13. O-O Ne4 14. Nxe4 Bxe4
15. Nd4 Nc2 16. Nxc2 Bxc2 17. Bf3 a5 18. Bxb7 Ra7 19. Bc6 Bxb3 20. Bb5 Rc8 21.
Rac1 a4 22. f3 Bxb2 0-1

[Event "Tradewise Gibraltar Chess Festival 2014 "]
[Site "The Caleta Hotel - Gibraltar"]
[Date "2014.02.04"]
[Round "8.125"]
[White "Christophe-Hayot, Romain"]
[Black "Bauer, Dieter"]
[Result "1-0"]
[WhiteElo "1842"]
[BlackElo "1727"]
[PlyCount "57"]
[EventDate "2014.01.28"]

1. Nf3 Nf6 2. b3 c5 3. Ba3 d6 4. e3 g6 5. h4 Bg7 6. Bb2 h5 7. Ng5 Nc6 8. Bd3
Ne5 9. Bxe5 dxe5 10. Bc4 e6 11. Nc3 a6 12. a4 Qc7 13. Rh3 Bd7 14. Rf3 Rd8 15.
Rxf6 Bxf6 16. Nce4 Bg7 17. Qf3 O-O 18. Nf6+ Kh8 19. e4 b5 20. Be2 Qa5 21. c3
Bc6 22. g4 hxg4 23. Qxg4 Bxf6 24. h5 Bxg5 25. Qxg5 Rd7 26. Qf6+ Kh7 27. hxg6+
Kg8 28. g7 Bxe4 29. Qh6 1-0

[Event "Tradewise Gibraltar Chess Festival 2014 "]
[Site "The Caleta Hotel - Gibraltar"]
[Date "2014.02.05"]
[Round "9.16"]
[White "Navara, David"]
[Black "Gopal, G.N."]
[Result "1/2-1/2"]
[WhiteElo "2702"]
[BlackElo "2550"]
[PlyCount "84"]
[EventDate "2014.01.28"]

1. Nf3 Nf6 2. c4 c5 3. Nc3 d5 4. cxd5 Nxd5 5. g3 Nc6 6. Bg2 Nc7 7. d3 e5 8. Nd2
Bd7 9. Nc4 Be7 10. O-O f6 11. f4 b5 12. Ne3 exf4 13. Nf5 b4 14. Nxe7 Qxe7 15.
Ne4 fxg3 16. Bf4 Ne5 17. Rc1 gxh2+ 18. Kh1 Rc8 19. Bxe5 fxe5 20. Nxc5 Ne6 21.
Nxd7 Qxd7 22. Rxc8+ Qxc8 23. Qa4+ Ke7 24. Qxb4+ Qc5 25. Qh4+ Kd6 26. Kxh2 Rf8
27. Rxf8 Nxf8 28. Qd8+ Nd7 29. Qg8 Qd4 30. Qxg7 Qxb2 31. Qh6+ Kc7 32. Qc6+ Kd8
33. Qa8+ Ke7 34. Qxa7 Qxe2 35. Qa3+ Kd8 36. Qa5+ Ke7 37. Qb4+ Kd8 38. Qh4+ Ke8
39. Qc4 Qh5+ 40. Kg3 Qg5+ 41. Kf2 Qd2+ 42. Kf3 Kd8 1/2-1/2

[Event "Tradewise Gibraltar Chess Festival 2014 "]
[Site "The Caleta Hotel - Gibraltar"]
[Date "2014.02.05"]
[Round "9.17"]
[White "Short, Nigel D"]
[Black "Maze, Sebastien"]
[Result "1-0"]
[WhiteElo "2683"]
[BlackElo "2536"]
[PlyCount "87"]
[EventDate "2014.01.28"]

1. e4 c5 2. d3 Nc6 3. g3 g6 4. Bg2 Bg7 5. Nc3 Rb8 6. a4 a6 7. f4 d6 8. Nf3 b5
9. axb5 axb5 10. e5 Bg4 11. O-O Nh6 12. h3 Bxf3 13. Qxf3 Nd4 14. Qf2 O-O 15. g4
Kh8 16. Nd5 Ng8 17. Be3 e6 18. Bxd4 cxd4 19. Nb4 Ne7 20. Qxd4 dxe5 21. Qxd8
Rbxd8 22. Ra7 Nc8 23. Rc7 Rd4 24. c3 Rxf4 25. Ra1 h5 26. Ra6 e4 27. d4 Rg8 28.
Rac6 Bf8 29. Rxc8 Bxb4 30. cxb4 hxg4 31. Rxg8+ Kxg8 32. Rc3 gxh3 33. Bxh3 e3
34. Rxe3 Rxd4 35. Rb3 Kg7 36. Bf1 Rd5 37. Kf2 g5 38. Be2 Kg6 39. Rd3 Rf5+ 40.
Ke3 Re5+ 41. Kd2 Re4 42. Rb3 Rd4+ 43. Ke3 Rh4 44. Kf2 1-0

[Event "Tradewise Gibraltar Chess Festival 2014 "]
[Site "The Caleta Hotel - Gibraltar"]
[Date "2014.02.05"]
[Round "9.18"]
[White "Oparin, Grigoriy"]
[Black "Movsesian, Sergei"]
[Result "1/2-1/2"]
[WhiteElo "2517"]
[BlackElo "2677"]
[PlyCount "82"]
[EventDate "2014.01.28"]

1. e4 c5 2. Nf3 e6 3. d4 cxd4 4. Nxd4 a6 5. Nc3 b5 6. Bd3 Qb6 7. Nf3 Qc7 8. O-O
Bb7 9. Re1 Be7 10. e5 f5 11. Nh4 g6 12. Nf3 Nc6 13. a4 b4 14. Nb1 Bc5 15. Nbd2
Na5 16. Nb3 Nxb3 17. cxb3 Bd5 18. Bc4 Bxc4 19. bxc4 h6 20. h4 Ne7 21. Bf4 Nc6
22. Qd2 Bf8 23. Rac1 Na5 24. Re3 Rc8 25. b3 Qd8 26. Rd3 Nb7 27. Rd6 Nc5 28. Qe3
Rh7 29. Rcd1 Kf7 30. R6d4 Kg8 31. g3 Qc7 32. Ne1 Qc6 33. f3 Nb7 34. Kg2 Nd8 35.
Qd2 Rc7 36. Nc2 Qc5 37. Be3 Qa5 38. h5 g5 39. f4 Qb6 40. Kh2 Qb7 41. Qg2 Nc6
1/2-1/2